The art of computer programming / (Record no. 135971)

MARC details
000 -LEADER
fixed length control field 00726nam a22002417a 4500
005 - DATE AND TIME OF LATEST TRANSACTION
control field 20170124110252.0
010 ## - LIBRARY OF CONGRESS CONTROL NUMBER
LC control number B-063197
020 ## - INTERNATIONAL STANDARD BOOK NUMBER
Terms of availability 00.00
International Standard Book Number 817808113
035 ## - SYSTEM CONTROL NUMBER
System control number B-063197
037 ## - SOURCE OF ACQUISITION
Source of stock number/acquisition Cen Lib/Ret
040 ## - CATALOGING SOURCE
Original cataloging agency DPL
Language of cataloging EN
082 ## - DEWEY DECIMAL CLASSIFICATION NUMBER
Classification number 005.43
Item number KUN
100 ## - MAIN ENTRY--PERSONAL NAME
Personal name Kunth, A.
9 (RLIN) 99902
245 ## - TITLE STATEMENT
Title The art of computer programming /
Statement of responsibility, etc by A. Kunth
246 ## - VARYING FORM OF TITLE
Remainder of title
260 ## - PUBLICATION, DISTRIBUTION, ETC. (IMPRINT)
Place of publication, distribution, etc Delhi
Name of publisher, distributor, etc Pearson Education, Inc
Date of publication, distribution, etc 2002
270 ## - ADDRESS
City Delhi
Address 482, F.I.E., Patparganj
Postal code 110092
300 ## - PHYSICAL DESCRIPTION
Extent xiii, 780p.
Dimensions 22cm(Hb)
500 ## - GENERAL NOTE
General note Includes appendix, glossary and index
650 ## - SUBJECT ADDED ENTRY--TOPICAL TERM
Topical term or geographic name as entry element Computer science -- Programming
9 (RLIN) 99903
650 ## - SUBJECT ADDED ENTRY--TOPICAL TERM
Topical term or geographic name as entry element Computer programming
9 (RLIN) 1122
942 ## - ADDED ENTRY ELEMENTS (KOHA)
Source of classification or shelving scheme Dewey Decimal Classification
Koha item type English Books
Classification part 005.43
Call number suffix KUN
Holdings
Withdrawn status Lost status Damaged status Not for loan Home library Current library Date acquired Source of acquisition Cost, normal purchase price Total Checkouts Full call number Barcode Date last seen Copy number Cost, replacement price Price effective from Koha item type
        Central Library Central Library 12/10/2015 Cen Lib/Ret 0.00   005.43 KUN B-063197 12/10/2015 1 0.00 12/10/2015 English Books

© Delhi Public Library
Hit Counter
free hit counter